00750 2200181 4500245004500000020001800045250001500063100001700078700002700095650002500122005001900147260002700166041001400193084001200207300003100219500030900250336000900559 aPemasaran PariwisatacOka A. YoetihText a979-404-334-6 aEd. Revisi aOka A. Yoeti aTim Penyunting Angkasa aPemasaran Pariwisata a20240506082816 aBandungbAngkasac2013 aIndonesia a338.479 axxviii, 376 hlm. :c21 cm. aKepariwisataan di indonesia telah tumbuh dan berkembanng menjadi suatu industri yang berdiri sendiri semenjak sepuluh tahun terakhir. Namun sejauh itu penyebaran pengertian tentang kepariwisataan pada umumnya dan masalah marketing dalam kepariwisataan khususnya, belumlah banyak dikenal oleh ,masyarakat. atext